| 000 | 00698nam a22001577a 4500 | ||
|---|---|---|---|
| 003 | OSt | ||
| 005 | 20151130092103.0 | ||
| 008 | 151130b xxu||||| |||| 00| 0 eng d | ||
| 040 | _cRUA | ||
| 082 | _aFIS EK 1996 B162 Or.1 | ||
| 100 |
_93993 _aEK, ERYA. |
||
| 245 | _aAssesment of opportunities and constraints for the development of aquacalture in mesang district prey veng province (ការវាយតំលៃពីឪកាសនិងផលវិបាកដើម្បីអភិវឌ្ឍន៏វារីវប្បកម្មស្រុកមេសាងខេត្តព្រៃវែង) | ||
| 260 |
_aPhnom Penh _bRUA _c1996 |
||
| 300 |
_a75p. _b29cm. _cill. |
||
| 942 |
_2ddc _cFIS |
||
| 999 |
_c3715 _d3715 |
||